000 00693nam a2200205Ii 4500
003 JO-AjNU
008 230605s9999||||xx |||||||||||||| ||und||
017 _a1000/1994
040 _aJO-AjNU
_bara
_erda
_cJO-AjNU
041 _aara
050 1 4 _aDK29.1994
100 3 _aكالوسنيك، أ.ن.؛ ترجمة شيا، سميح,
_eauthor
_938245
245 0 0 _aالأساطير والحقائق عن عائلة ستالين
264 3 1 _aدمشق: دار علاء للنشر والتوزيع، 1994
300 _a136ص
336 _atext
_btxt
_2rdacontent
337 _aunmediated
_bn
_2rdamedia
338 _avolume
_bnc
_2rdacarrier
650 4 _aعائلة ستالين-تاريخ
_938246
999 _aA16052
_c19620
_d19620